00713cam a2200193 a 450000100100000000500170001000800410002704000250006808200150009324500930010826000360020130000320023749000510026950000210032050400690034170000300041070000280044083000510046800001142920200929162441.0850412s1985 xxua b 001 0 eng c aDO-SdBNPbspacBNPHU annnbC557t00aChronic treatments in neuropsychiatry /cvolume editors, Dargut Kemali, Giorgio Racagni. aNew York :bRaven Press,c1985. axv, 219 p. :bil. ;c27 cm.1 aAdvances in biochemical psychopharmacologyv40 aIncluye índice aIncluye referencias bibliográficas al final de los capítulos1 aRacagni, Giorgio,eeditor1 aKemali, Dargut,eeditor 0aAdvances in biochemical psychopharmacologyv40